20 Największych Miast w Bałkanach - Statystyki

Ogólne statystyki
  • Ten quiz został rozwiązany 89 razy
  • Średni wynik to 17 z 20
Statystyki odpowiedzi
Państwo Populacja Miasto % Poprawnych
Grecja 3,753,000 Ateny
100%
Serbia 1,373,000 Belgrad
100%
Rumunia 1,720,000 Bukareszt
100%
Bułgaria 1,221,000 Sofia
100%
Turcja 15,500,000 Stambuł
100%
Chorwacja 763,000 Zagrzeb
100%
Albania 520,000 Tirana
99%
Bosnia iHercegowina 388,000 Sarajewo
98%
Grecja 805,000 Saloniki
96%
MacedoniaPółnocna 526,000 Skopje
96%
Słowenia 285,000 Lublana
93%
Kosowo 219,000 Prisztina
90%
Chorwacja 240,000 Split
89%
Serbia 298,000 Nowy Sad
83%
Bułgaria 332,000 Warna
75%
Rumunia 286,000 Kluż-Napoka
54%
Bułgaria 198,000 Burgas
52%
Bułgaria 342,000 Płowdiw
52%
Serbia 183,000 Niš
44%
Rumunia 284,000 Konstanca
35%
Nie znaleziono quizów pasujących do podanych kryteriów
Rozkład punktacji
Procent ludzi z każdym wynikiem
Percentyl według liczby udzielonych odpowiedzi
Twoja historia wyników
Nie rozwiązałeś tego quizu